000
00294nam a22001217a 4500
008
170503b xxu||||| |||| 00| 0 eng d
041
_a
eng
080
_a
347
100
_a
13
101
_a
shj
245
_a
TE DREJTAT E NJERIUT NE ADMINISTRIMIN E DREJTESIIS
_c
OSMANI.N
942
_2
udc
_c
BK
999
_c
12574
_d
12574